000 00600nam a22001577a 4500
003 macl
005 20191128124503.0
008 191128b xxu||||| |||| 00| 0 eng d
040 _cmacl
082 _a800/SHA
100 _aनिश्‍चल , ओम
_977328
245 _aशब्‍दों से गपशप हिन्‍दी कविता ;अज्ञेय से अष्‍टभुजा शुक्‍ल
260 _aइलाहाबाद
_bसाहित्‍य भंडार
_c2015
650 _aकाव्‍यालोचना
_954621
942 _2ddc
_cHIN
999 _c61434
_d61434